000 00632cam a22002053a 4500
001 44561
003 PGUSA
005 20140828084022.0
008 140101s2014||||xxu|||||s|||||000 | eng d
040 _aPGUSA
_beng
042 _adc
245 1 0 _aTales Of Humour, Gallantry and Romance :
_bSelected and Translated from the Italian
_h[electronic resource] /
_cAnonymous
260 _bProject Gutenberg,
_c2014
506 _aPublic domain in the USA.
516 _aElectronic text
700 1 _aCruikshank, George,
_d1792-1878
830 0 _aProject Gutenberg
_v44561
856 4 0 _uhttp://www.gutenberg.org/ebooks/44561
942 _cEB
999 _c273812
_d273812